书目信息 |
| 题名: |
化学分离原理与技术
|
|
| 作者: | 胡小玲 , 管萍 主编 | |
| 分册: | ||
| 出版信息: | 北京 化学工业出版社 2006 |
|
| 页数: | 293页 | |
| 开本: | 26cm | |
| 丛书名: | ||
| 单 册: | ||
| 中图分类: | TQ02 | |
| 科图分类: | ||
| 主题词: | 化工过程--分离--高等学校--教材 , 化工过程 , 分离 | |
| 电子资源: | ||
| ISBN: | 7-5025-8754-3 | |
| 000 | 00903nam0 2200277 450 | |
| 001 | 012007543581 | |
| 005 | 20070517141203.25 | |
| 010 | @a7-5025-8754-3@dCNY36.00 | |
| 100 | @a20070427d2006 km y0chiy0120 ea | |
| 101 | 0 | @achi |
| 102 | @aCN@b110000 | |
| 105 | @ay z 000yy | |
| 106 | @ar | |
| 200 | 1 | @a化学分离原理与技术@Ahua xue fen li yuan li yu ji shu@f胡小玲,管萍主编@Fhu xiao ling,guan ping zhu bian |
| 210 | @a北京@c化学工业出版社@d2006 | |
| 215 | @a293页@d26cm | |
| 300 | @a高等学校教材 | |
| 330 | @a本书阐述了物质化学分离理论和分离技术的重要进展,分离过程的平衡理论,迁移与扩散理论,浸取与溶解,萃取分离,膜分离技术等。 | |
| 606 | 0 | @a化工过程@x分离@x高等学校@j教材 |
| 606 | 0 | @a化工过程 |
| 606 | 0 | @a分离 |
| 690 | @aTQ02@v4 | |
| 701 | 0 | @a胡小玲@Ahu xiao ling@c(女,@f1961~)@4主编 |
| 701 | 0 | @a管萍@Aguan ping@4主编 |
| 801 | 0 | @aCN@bRULIN@c20070517 |
| 905 | @dTQ02@e113@s8 | |
| 化学分离原理与技术/胡小玲,管萍主编.-北京:化学工业出版社,2006 |
| 293页;26cm |
| 高等学校教材 |
| ISBN 7-5025-8754-3:CNY36.00 |
| 本书阐述了物质化学分离理论和分离技术的重要进展,分离过程的平衡理论,迁移与扩散理论,浸取与溶解,萃取分离,膜分离技术等。 |
| ● |
| 相关链接 |
|
|
|
|
正题名:化学分离原理与技术
索取号:TQ02/113
 
预约/预借
| 序号 | 登录号 | 条形码 | 馆藏地/架位号 | 状态 | 备注 |
| 1 | 0574723 | 205747236 | 第二样本阅览室/ [索取号:TQ02/113] | 在馆 | |
| 2 | 0574724 | 205747245 | 第三借阅区/ [索取号:TQ02/113] | 在馆 | |
| 3 | 0574725 | 205747254 | 密集书库/ [索取号:TQ02/113] | 在馆 | |
| 4 | 0574726 | 205747263 | 密集书库/ [索取号:TQ02/113] | 在馆 | |
| 5 | 0574727 | 205747272 | 密集书库/ [索取号:TQ02/113] | 在馆 | |
| 6 | 0574728 | 205747281 | 第三借阅区/ [索取号:TQ02/113] | 在馆 | |
| 7 | 0574729 | 205747290 | 第三借阅区/ [索取号:TQ02/113] | 在馆 | |
| 8 | 0574730 | 205747307 | 第三借阅区/ [索取号:TQ02/113] | 在馆 |